00214nam a2200097Ia 4500008004100000041000800041100001200049245001900061260002800080300000800108230822s1997 xx 000 0 und d aeng aNAIR.A. aTHE BETTER MAN bPENGUIN BOOKS LTDc1997 a361